Historia legal de la jurisdicción contencioso-administrativa (1845-1998) / (Record n. 31005)
[ formato base ]
| 000 -LEADER | |
|---|---|
| fixed length control field | 00945nam a2200253 i 4500 |
| 003 - CONTROL NUMBER IDENTIFIER | |
| control field | IT-RoINE |
| 005 - DATE AND TIME OF LATEST TRANSACTION | |
| control field | 20190621090731.0 |
| 008 - FIXED-LENGTH DATA ELEMENTS--GENERAL INFORMATION | |
| fixed length control field | 070612s2007 sp |r 001|||spa|d |
| 020 ## - INTERNATIONAL STANDARD BOOK NUMBER | |
| International Standard Book Number | 9788496717176 |
| 040 ## - CATALOGING SOURCE | |
| Original cataloging agency | SpMaBN |
| Transcribing agency | SpMaBN IT-RoINE |
| Modifying agency | IT-RoINE |
| 100 1# - MAIN ENTRY--PERSONAL NAME | |
| Personal name | Fernández Torres, Juan Ramón |
| 9 (RLIN) | 60782 |
| 245 10 - TITLE STATEMENT | |
| Title | Historia legal de la jurisdicción contencioso-administrativa (1845-1998) / |
| Statement of responsibility, etc | Juan Ramón Fernández Torres ; prólogo de Santiago Muñoz Machado. |
| 260 ## - PUBLICATION, DISTRIBUTION, ETC. (IMPRINT) | |
| Place of publication, distribution, etc | Madrid : |
| Name of publisher, distributor, etc | Iustel, |
| Date of publication, distribution, etc | 2007. |
| 300 ## - PHYSICAL DESCRIPTION | |
| Extent | 919 p. ; |
| Dimensions | 25 cm. |
| 336 ## - CONTENT TYPE | |
| Source | rdacontent |
| Content type term | text |
| 337 ## - MEDIA TYPE | |
| Source | rdamedia |
| Media type term | unmediated |
| 338 ## - CARRIER TYPE | |
| Source | rdacarrier |
| Carrier type term | volume |
| 500 ## - GENERAL NOTE | |
| General note | En el lomo: 1. |
| 504 ## - BIBLIOGRAPHY, ETC. NOTE | |
| Bibliography, etc | Bibliografía: p. [909]-919. |
| 650 #4 - SUBJECT ADDED ENTRY--TOPICAL TERM | |
| Topical term or geographic name as entry element | Procedimiento contencioso administrativo |
| Geographic subdivision | España |
| General subdivision | Historia |
| 9 (RLIN) | 60783 |
| 650 #4 - SUBJECT ADDED ENTRY--TOPICAL TERM | |
| Topical term or geographic name as entry element | Tribunales administrativos |
| Geographic subdivision | España |
| General subdivision | Historia |
| 9 (RLIN) | 60784 |
| 700 1# - ADDED ENTRY--PERSONAL NAME | |
| 9 (RLIN) | 11767 |
| Personal name | Muñoz Machado, Santiago, |
| Dates associated with a name | 1949- |
| 942 ## - ADDED ENTRY ELEMENTS (KOHA) | |
| Item type | Monografías |
| Withdrawn status | Lost status | Damaged status | Not for loan | Home library | Current library | Date acquired | Total Checkouts | Full call number | Barcode | Date last seen | Price effective from | Koha item type |
|---|---|---|---|---|---|---|---|---|---|---|---|---|
| Iglesia Nacional Española en Roma | Iglesia Nacional Española en Roma | 21/06/2019 | DER 116 | 57374 | 21/06/2019 | 21/06/2019 | Monografías |